| 000 | 00854nam a22002417a 4500 | ||
|---|---|---|---|
| 005 | 2011101704204.0 | ||
| 008 | 111017t xxu||||| |||| 00| 0 eng d | ||
| 010 | _aENG-103974 | ||
| 020 |
_c400.00 _a9788170545552 |
||
| 035 | _aEN-87507 | ||
| 037 | _bDBAD/PUB | ||
| 040 |
_aDPL _bEng |
||
| 082 | _a376.95475 | ||
| 100 |
_aLodha, Alka _935491 |
||
| 245 |
_aWomen education and tribal development / _cby Alka Lodha |
||
| 260 |
_aNew Delhi _bClassical Publishing _c2011 |
||
| 270 |
_a28, Shopping Centre, Karampura, _bNew Delhi _e110015 |
||
| 300 |
_a159p. _c22cm (Hb) |
||
| 500 | _aIncludes bibliographical references | ||
| 700 | _935492 | ||
| 942 |
_2ddc _cEN _h376.95475 _mLOD |
||
| 999 |
_c57678 _d57678 |
||